000 00467nam a2200169Ia 4500
003 IN-BaIIA
008 211028s9999 xx 000 0 eng d
040 _cIIA Library
080 _a535
_bBRE
100 _aBrewster, David
_91751
245 0 _aTreatise on magnetism
_cDavid Brewste
260 _aEdinburgh
_bAdam and Charles Black
_c1838
300 _a363p.
650 _aMagnetism
_956
650 _aTreatise
_91752
942 _cBK
999 _c818
_d818